Calciatori con più Gol in Serie A con una sola Squadra - Statistics

Statistiche generali
  • Questo quiz è stato fatto 75 volte
  • Il punteggio medio è 8 su 10
Statistiche sulle risposte
Gol Nazione Anni in Serie A Squadra Calciatore % Corretto
250 Italia 1992-2017 Roma Francesco Totti
100%
188 Italia 1993-2006, 2007-2012 Juventus Alessandro Del Piero
95%
191 Italia 2004-2016 Udinese Antonio Di Natale
95%
151 Argentina 1991-2000 Fiorentina Gabriel Batistuta
92%
168 Italia 2016 Lazio Ciro Immobile
91%
156 Italia 1964-1976 Cagliari Gigi Riva
84%
197 Italia 1929-1940, 1946-1947 Inter Giuseppe Meazza
80%
210 Svezia 1949-1956 Milan Gunnar Nordahl
69%
178 Italia 1946-1961 Juventus Giampiero Boniperti
45%
150 Svezia 1958-1967 Fiorentina Kurt Hamrin
17%
Nessun quiz corrispondente trovato
Distribuzione punteggi
Percentuale di utenti per punteggio
Percentile per numero di risposta
I tuoi punteggi nel tempo
Non hai fatto questo quiz